Colloquial Vietnamese : A complete language course

Colloquial Vietnamese is easy to use and completely up-to-date, with no prior knowledge of the language required. These CDs are recorded by native Vietnamese speakers and will play on any audio system. The material can be used on its own or to accompany the book, helping you with pronunciation and l...

Descrizione completa

Salvato in:
Dettagli Bibliografici
Autore principale: Moore, John
Natura: Libro
Lingua:Undetermined
Pubblicazione: New York Routledge 1996
Soggetti:
Tags: Aggiungi Tag
Nessun Tag, puoi essere il primo ad aggiungerne! !
Thư viện lưu trữ: Trung tâm Học liệu Trường Đại học Cần Thơ
LEADER 00983nam a2200229Ia 4500
001 CTU_103166
008 210402s9999 xx 000 0 und d
020 |c 11.24 
082 |a 495.9 
082 |b M821/CD.1 
100 |a Moore, John 
245 0 |a Colloquial Vietnamese : 
245 2 |b A complete language course 
245 0 |c John Moore 
260 |a New York 
260 |b Routledge 
260 |c 1996 
520 |a Colloquial Vietnamese is easy to use and completely up-to-date, with no prior knowledge of the language required. These CDs are recorded by native Vietnamese speakers and will play on any audio system. The material can be used on its own or to accompany the book, helping you with pronunciation and listening skills. 
650 |a Vietnamese language,Vietnamese language,Vietnamese language 
650 |x Conversation and phrase books,English,Spoken vietnamese,Pronunciation 
904 |i M.Loan 
980 |a Trung tâm Học liệu Trường Đại học Cần Thơ